<?xml version="1.0" encoding="UTF-8"?>
<record
    xmlns:xsi="http://www.w3.org/2001/XMLSchema-instance"
    xsi:schemaLocation="http://www.loc.gov/MARC21/slim http://www.loc.gov/standards/marcxml/schema/MARC21slim.xsd"
    xmlns="http://www.loc.gov/MARC21/slim">

  <leader>01658nam a2200325 i 4500</leader>
  <controlfield tag="001">42835</controlfield>
  <controlfield tag="003">gtgccic</controlfield>
  <controlfield tag="005">20241108102200.0</controlfield>
  <controlfield tag="007">ta</controlfield>
  <controlfield tag="008">241108|        gt ||||| |||| 00| 0 spa d</controlfield>
  <datafield tag="040" ind1=" " ind2=" ">
    <subfield code="a">gtgccic</subfield>
    <subfield code="b">spa</subfield>
    <subfield code="c">gtgccic</subfield>
    <subfield code="e">rda</subfield>
  </datafield>
  <datafield tag="084" ind1=" " ind2=" ">
    <subfield code="0">C-72-772</subfield>
  </datafield>
  <datafield tag="100" ind1="1" ind2="0">
    <subfield code="a">Mach&#xF3;n Casta&#xF1;eda, Mart&#xED;n</subfield>
    <subfield code="d">1972</subfield>
    <subfield code="e">Autor</subfield>
  </datafield>
  <datafield tag="245" ind1="1" ind2="0">
    <subfield code="a">Estudio del comportamiento  de las Arenas de p&#xF3;mez del Calle de Guatemala, al ensayo de compresi&#xF3;n triaxial /</subfield>
    <subfield code="c">Mart&#xED;n Mach&#xF3;n Casta&#xF1;eda</subfield>
  </datafield>
  <datafield tag="264" ind1=" " ind2="1">
    <subfield code="a">Guatemala, Guatemala : </subfield>
    <subfield code="b">Facultad de Ingenier&#xED;a, Universidad de San Carlos de Guatemala,</subfield>
    <subfield code="c">1972.</subfield>
  </datafield>
  <datafield tag="300" ind1=" " ind2=" ">
    <subfield code="a">28 p&#xE1;ginas : </subfield>
    <subfield code="b">Ilustraciones, </subfield>
    <subfield code="c">21 cm</subfield>
  </datafield>
  <datafield tag="336" ind1=" " ind2=" ">
    <subfield code="2">rdacontenido</subfield>
    <subfield code="a">Texto</subfield>
    <subfield code="b">txt</subfield>
  </datafield>
  <datafield tag="337" ind1=" " ind2=" ">
    <subfield code="2">rdamedio</subfield>
    <subfield code="a">sin mediaci&#xF3;n</subfield>
    <subfield code="b">n</subfield>
  </datafield>
  <datafield tag="338" ind1=" " ind2=" ">
    <subfield code="2">rdasoporte</subfield>
    <subfield code="a">volumen</subfield>
    <subfield code="b">nc</subfield>
  </datafield>
  <datafield tag="502" ind1=" " ind2=" ">
    <subfield code="a">Ingeniero civil,</subfield>
    <subfield code="b">Tesis de grado,</subfield>
    <subfield code="c">USAC,</subfield>
    <subfield code="d">1972.</subfield>
    <subfield code="o">C72772</subfield>
  </datafield>
  <datafield tag="504" ind1=" " ind2=" ">
    <subfield code="a">Bibliograf&#xED;a p&#xE1;gina 28</subfield>
  </datafield>
  <datafield tag="520" ind1="3" ind2=" ">
    <subfield code="a">El presente trabajo constituye un estudio de laboratorio de dichas caracter&#xED;sticas, mediante el ensayo de compresi&#xF3;n triaxial y otros ensayos accesorios, se incluyen para sacar conclusiones adem&#xE1;s de los resultado de los an&#xE1;lisis de laboratorio realizados espec&#xED;ficamente para este estudio sino tambi&#xE9;n los obtenidos anteriormente pro el laboratorio de suelos del CII en estudios del sub-suelo para diversas obras de ingenier&#xED;a (cimentaci&#xF3;n de edificios, terraplenes, puentes y t&#xFA;neles) dentro del &#xE1;mbito del Valle de Guatemala.</subfield>
  </datafield>
  <datafield tag="546" ind1=" " ind2=" ">
    <subfield code="a">Espa&#xF1;ol</subfield>
  </datafield>
  <datafield tag="650" ind1="1" ind2="4">
    <subfield code="a">Ensayos (Tecnolog&#xED;a) </subfield>
  </datafield>
  <datafield tag="650" ind1="1" ind2="4">
    <subfield code="a">Arena p&#xF3;mez</subfield>
  </datafield>
  <datafield tag="650" ind1="1" ind2="4">
    <subfield code="a">Geolog&#xED;a - Investigaciones</subfield>
  </datafield>
  <datafield tag="700" ind1="1" ind2="0">
    <subfield code="a">Lou Ma, Roberto</subfield>
    <subfield code="e">ASesor</subfield>
  </datafield>
  <datafield tag="942" ind1=" " ind2=" ">
    <subfield code="0">tes</subfield>
    <subfield code="c">TES</subfield>
    <subfield code="k">C72772</subfield>
    <subfield code="n">0</subfield>
  </datafield>
  <datafield tag="945" ind1=" " ind2=" ">
    <subfield code="a">MC</subfield>
  </datafield>
  <datafield tag="999" ind1=" " ind2=" ">
    <subfield code="c">79</subfield>
    <subfield code="d">79</subfield>
  </datafield>
  <datafield tag="952" ind1=" " ind2=" ">
    <subfield code="0">0</subfield>
    <subfield code="1">0</subfield>
    <subfield code="4">0</subfield>
    <subfield code="7">0</subfield>
    <subfield code="a">CICON</subfield>
    <subfield code="b">CICON</subfield>
    <subfield code="d">1972-05-02</subfield>
    <subfield code="i">T1972772</subfield>
    <subfield code="l">0</subfield>
    <subfield code="o">C-72-772</subfield>
    <subfield code="p">TC1972772</subfield>
    <subfield code="r">2024-11-08 09:48:50</subfield>
    <subfield code="w">2024-11-08</subfield>
    <subfield code="y">TES</subfield>
    <subfield code="z">Disponible</subfield>
  </datafield>
</record>
